Est-ce que cette expression signifie être saoul? - Statistiques

Statistiques générales
  • Ce quiz a été pris 342 fois
  • Le résultat moyen est 15 sur 26
Statistiques - réponses
Hint Réponse % Correct
"Être torché" Saoul (*hic*)
91%
"Être bourré comme un coing" Saoul (*hic*)
90%
"Être rond comme une queue de pelle" Saoul (*hic*)
85%
"Être beurré comme une biscotte" Saoul (*hic*)
82%
"Prendre une biture" Saoul (*hic*)
81%
"Être torchon chiffon carpette" Saoul (*hic*)
81%
"Être schlass" Saoul (*hic*)
76%
"Faire cuire de l'eau" Non (il doit être sobre)
71%
"Être faya" Saoul (*hic*)
70%
"Avoir les dents du fond qui baignent" Saoul (*hic*)
69%
"Être blindé jusqu'à la quinzième capucine" Saoul (*hic*)
68%
"Se goudronner le vestibule" Saoul (*hic*)
66%
"Jouer sur les tapis" Non (il doit être sobre)
64%
"Voler trop proche du soleil" Non (il doit être sobre)
63%
"Se camphrer la ruche" Saoul (*hic*)
63%
"Mettre ses pompes à bascules" Saoul (*hic*)
55%
"Être sur les toboggans" Non (il doit être sobre)
54%
"Danser comme Millepied" Non (il doit être sobre)
48%
"Remplir l'église le samedi" Non (il doit être sobre)
47%
"Avoir chaud aux plumes" Saoul (*hic*)
40%
"Se lézarder la casemate" Saoul (*hic*)
37%
"Devenir gris comme un rat" Non (il doit être sobre)
36%
"Avoir des lunettes en peau de saucisson" Saoul (*hic*)
34%
"Se fondre le larynx" Non (il doit être sobre)
30%
"Être blakata" Non (il doit être sobre)
23%
"Faire les fins de mariages" Non (il doit être sobre)
21%
Aucun quiz correspondant
Distribution des résultats
% des personnes avec chaque résultat
Percentile par nombre de réponses
Votre historique - résultats
Vous n’avez pas pris ce quiz